ბათუმის შოთა რუსთაველის სახელმწიფო უნივერსიტეტის ბიბლიოთეკა

საშიში ხეობა (ბიბ.ჩანაწერი № 50143)

000 -LEADER
fixed length control field 00820nam a2200241Ia 4500
001 - CONTROL NUMBER
control field 17081
003 - CONTROL NUMBER IDENTIFIER
control field GE_BSU
008 - FIXED-LENGTH DATA ELEMENTS--GENERAL INFORMATION
fixed length control field 181216s||||||||xx |||||||||||||| ||und||
040 ## - CATALOGING SOURCE
Transcribing agency GE_BSU
080 ## - UNIVERSAL DECIMAL CLASSIFICATION NUMBER
Universal Decimal Classification number 82-93:821.161.1-3
100 ## - MAIN ENTRY--PERSONAL NAME
Personal name შახოვი, ა.
245 ## - TITLE STATEMENT
Title საშიში ხეობა
245 ## - TITLE STATEMENT
Remainder of title მოთხრობები
245 ## - TITLE STATEMENT
Statement of responsibility, etc. თარგმ.მ.ჭილაშვილისა
260 ## - PUBLICATION, DISTRIBUTION, ETC.
Place of publication, distribution, etc. თბილისი
260 ## - PUBLICATION, DISTRIBUTION, ETC.
Name of publisher, distributor, etc. საბლიტგამი
260 ## - PUBLICATION, DISTRIBUTION, ETC.
Date of publication, distribution, etc. 1959
300 ## - PHYSICAL DESCRIPTION
Extent 150გვ. : ილ. ; 22სმ.
300 ## - PHYSICAL DESCRIPTION
Accompanying material დანართი: ა.ს. შახოვი (1895-1956)-ვლ. არხანგელსკი, გვ. 147-48
653 ## - INDEX TERM--UNCONTROLLED
Uncontrolled term მოთხრობები
653 ## - INDEX TERM--UNCONTROLLED
Uncontrolled term საშიში ხეობა
942 ## - ADDED ENTRY ELEMENTS (KOHA)
Koha item type წიგნი
ეგზემპლარები
Withdrawn status Lost status Damaged status Not for loan Date acquired Barcode Date last seen Price effective from Koha item type
        2018-12-17 21551 2018-12-17 2018-12-17 წიგნი
        2018-12-17 21552 2018-12-17 2018-12-17 წიგნი